[Event "Gustafson Memorial, S81199"]
[Site "CCLA"]
[Date "2018.10.22"]
[Round "?"]
[White "Carter, Maurice H."]
[Black "Quanzaah, Emmanuel"]
[Result "0-1"]
[WhiteElo "2145"]
[BlackElo "2197"]

1. Nf3 d5 2. c4 d4 3. e3 Nc6 4. exd4 Nxd4 5. Nxd4 Qxd4 6. d3 Nf6 7. Nc3 e5
8. Be3 Qd8 9. Be2 c6 10. O-O Bd6 11. Bf3 O-O 12. Qb3 Qc7 13. h3 Rd8 14. 
Rad1 Be6 15. Rfe1 h6 16. a3 Rd7 17. Qa4 Be7 18. d4 Rad8 19. d5 cxd5 20. 
Nxd5 Bxd5 21. cxd5 b6 22. Qb3 e4 23. Be2 Rxd5 24. Rxd5 Nxd5 25. Bc4 Nxe3 
26. Rxe3 Qf4 27. Qc2 Rd4 28. b4 Bg5 29. Bb3 g6 30. g3 Qf5 31. Re2 Kg7 32. 
h4 Bf6 33. Re3 h5 34. Qe2 Qe5 35. Kg2 Bd8 36. Qb2 b5 37. Re2 Bb6 38. Rd2 
a6 39. Rd1 Kh7 40. Rxd4 Bxd4 41. Qe2 Kg7 42. Ba2 Bb6 43. Qd2 e3 44. Qe2 f6
45. Qf3 exf2 46. Qd5 f1=B+ 47. Kxf1 Qa1+ 48. Kg2 Qg1+ 49. Kh3 Qf1+ 50. Qg2
Qf5+ 51. Kh2 Bc7 52. Qe2 Be5 53. Bb3 Qd7 54. Qe3 Qc7 55. Bd5 Qe7 56. Bc6 
Qf7 57. Ba8 Qc4 58. Bb7 Qxh4+ 59. Kg2 Qc4 60. Qf3 Qc1 61. Ba8 Qb2+ 62. Kf1
Bc3 63. Qb7+ Kh6 64. Qf3 Qa1+ 65. Kg2 g5 66. g4 Qxa3 67. gxh5 Qb2+ 68. Kf1
Qb1+ 69. Kg2 Qc2+ 70. Kf1 Qc1+ 71. Kg2 Qd2+ 0-1

[Event "Gustafson Memorial, S81199"]
[Site "CCLA"]
[Date "2018.10.22"]
[Round "?"]
[White "Carter, Maurice H."]
[Black "Jarmuz, Frederick"]
[Result "1/2-1/2"]
[WhiteElo "2145"]
[BlackElo "2243"]

1. Nf3 Nf6 2. c4 g6 3. Nc3 d5 4. cxd5 Nxd5 5. e4 Nxc3 6. dxc3 Qxd1+ 7. 
Kxd1 f6 8. Be3 e5 9. Nd2 Nd7 10. Nb3 b6 11. Bc4 Bb7 12. f3 a5 13. a4 Be7 
14. Kc2 h5 15. Rhd1 Bc6 16. Nc1 Bc5 17. Bxc5 Nxc5 18. Bb5 Bxb5 19. axb5 
Ke7 20. Nd3 Nxd3 21. Rxd3 Rad8 1/2-1/2

[Event "Gustafson Memorial, S81199"]
[Site "CCLA"]
[Date "2018.10.22"]
[Round "?"]
[White "Carter, Maurice H."]
[Black "O'Keefe, Michael J."]
[Result "1-0"]
[WhiteElo "2145"]
[BlackElo "2103"]

1. Nf3 d5 2. c4 c6 3. cxd5 cxd5 4. d4 Nf6 5. Nc3 Nc6 6. Bf4 a6 7. e3 Bg4 
8. h3 Bxf3 9. Qxf3 e6 10. Bd3 Bd6 11. Bxd6 Qxd6 12. O-O O-O 13. a3 Rad8 
14. Rfd1 b5 15. Qe2 e5 16. dxe5 Nxe5 17. Bb1 Qe6 18. Ba2 Rd7 19. Rac1 Rc8 
20. a4 bxa4 21. Nxa4 Rxc1 22. Rxc1 Rd6 23. Rd1 Qd7 24. Nc3 Kf8 25. Rd2 g5 
26. Qd1 Kg7 27. Bxd5 g4 28. hxg4 Qxg4 29. Qxg4+ Nfxg4 30. Kf1 f5 31. Ke2 
Ng6 32. Rd4 Nf6 33. f3 a5 34. Rd2 Nh4 35. g3 Ng6 36. Ba2 Rxd2+ 37. Kxd2 
Ne5 38. Ke2 Ne8 39. f4 Nc6 40. Be6 Nd6 41. g4 fxg4 42. Bxg4 Kg6 43. e4 Nc4
44. Bd7 Nb4 45. b3 Nb6 46. Be8+ Kf6 47. Bb5 Ke7 48. Kf3 h5 49. f5 Kf7 50. 
e5 Nc2 51. Ke4 h4 52. Bf1 Nb4 53. Kd4 Nc6+ 54. Ke4 Kf8 55. e6 Ke7 56. Bb5 
Kd6 57. Bxc6 Kxc6 58. f6 h3 59. Kf3 Kd6 60. f7 1-0

[Event "Gustafson Memorial, S81199"]
[Site "CCLA"]
[Date "2018.10.22"]
[Round "?"]
[White "Carter, Maurice H."]
[Black "Quirk, Michael"]
[Result "1-0"]
[WhiteElo "2145"]
[BlackElo "2053"]

1. Nf3 g6 2. c4 Bg7 3. d4 Nf6 4. Nc3 O-O 5. e4 d6 6. Be2 e5 7. dxe5 dxe5 
8. Qxd8 Rxd8 9. Bg5 Re8 10. O-O-O h6 11. Bh4 Na6 12. Nd2 c6 13. Nb3 Nd7 
14. Bg4 Ndc5 15. Bxc8 Nxb3+ 16. axb3 Raxc8 17. f3 Bf8 18. Kc2 Kg7 19. Na2 
Bc5 20. Rd7 Rc7 21. Rhd1 Rec8 22. Rxc7 Nxc7 23. Rd7 g5 24. Be1 Kf8 25. Ba5
b6 26. Bc3 Ke8 27. Rd1 f6 28. b4 Bf8 29. Nc1 Ne6 30. Ne2 h5 31. Ng3 Nf4 
32. Rg1 b5 33. cxb5 cxb5 34. Kb3 Rd8 35. Nf5 Rd7 36. g3 Ng6 37. Ne3 Ne7 
38. Kc2 Bh6 39. g4 h4 40. Ra1 Bg7 41. Ra5 Rb7 42. Nd5 Nxd5 43. exd5 Bf8 
44. Kd3 Be7 45. Ke4 Bd8 46. Ra1 Bb6 47. Rc1 Rd7 48. h3 Kf7 49. Bd2 Ke7 50.
 Rc6 Rd6 51. Rc8 Rd7 52. Rc5 Rb7 53. Rc6 Rd7 54. Re6+ Kf7 55. Bc1 Rc7 56. 
Rc6 Rxc6 57. dxc6 Ke6 58. Be3 Bd8 59. Bxa7 Bc7 60. Bc5 Bd8 61. Bf2 Bc7 62.
 Bg1 Bd8 63. Be3 Bc7 64. Bc5 Bd8 65. Bf2 Bc7 66. Ba7 Bd8 67. Bb8 1-0

[Event "Gustafson Memorial, S81199"]
[Site "CCLA"]
[Date "2018.10.22"]
[Round "?"]
[White "Quanzaah, Emmanuel"]
[Black "Carter, Maurice H."]
[Result "0-1"]
[WhiteElo "2197"]
[BlackElo "2145"]

1. e4 e5 2. Nf3 Nc6 3. Bb5 a6 4. Ba4 Nf6 5. O-O Be7 6. Re1 b5 7. Bb3 d6 8.
 c3 O-O 9. h3 Nb8 10. d4 Nbd7 11. Nbd2 Bb7 12. Bc2 Re8 13. Nf1 Bf8 14. Ng3
g6 15. a4 Bg7 16. Bd3 c6 17. Bg5 Qb6 18. Be3 Qc7 19. Qd2 Nf8 20. b4 N6d7 
21. h4 Ne6 22. h5 Nf6 23. Bh6 Bxh6 24. Qxh6 Ng4 25. Qd2 Nf4 26. Bf1 Qe7 
27. Red1 Rad8 28. Rdc1 Nf6 29. hxg6 hxg6 30. axb5 cxb5 31. d5 Qf8 32. c4 
Qh6 33. Bd3 bxc4 34. Rxc4 Kg7 35. Kf1 Bc8 36. Ke1 Bd7 37. Rc2 Nxg2+ 38. 
Kd1 Nf4 39. Ne1 Rb8 40. Bxa6 Bg4+ 41. f3 Qh3 42. Qf2 Rxb4 43. Bf1 Qh6 44. 
Nd3 Rd4 45. Rd2 Rxe4 46. fxg4 N4xd5 47. Nc5 dxc5 48. Nxe4 Nxe4 49. Qh2 
Ne3+ 50. Ke1 Qg5 51. Rd7 Nc2+ 52. Qxc2 Qe3+ 53. Qe2 Qc3+ 54. Rd2 Qxa1+ 55.
 Qd1 Qa3 56. Bg2 Qg3+ 57. Kf1 Nxd2+ 58. Qxd2 Rb8 59. Be4 Rb3 60. Qd1 Rb2 
61. Qe1 Qh3+ 0-1

[Event "Gustafson Memorial, S81199"]
[Site "CCLA"]
[Date "2018.10.22"]
[Round "?"]
[White "Quanzaah, Emmanuel"]
[Black "Jarmuz, Frederick"]
[Result "1/2-1/2"]
[WhiteElo "2197"]
[BlackElo "2243"]

1. e4 c5 2. Nf3 d6 3. d4 cxd4 4. Nxd4 Nf6 5. Nc3 a6 6. Be3 e5 7. Nb3 Be6 
8. f3 Nbd7 9. Qd2 Be7 10. O-O-O b5 11. g4 O-O 12. g5 b4 13. gxf6 bxc3 14. 
Qxc3 Nxf6 15. Na5 Rc8 16. Nc6 Qd7 17. Nxe7+ Qxe7 18. Qa5 Rc6 19. Kb1 Nh5 
20. Rg1 Rfc8 21. Rg2 h6 22. Rgd2 Qf6 23. Rf2 Nf4 24. b3 Qe7 25. c4 Kh7 26.
 Rfd2 Ng6 27. Be2 R8c7 28. Kb2 Rb7 29. Qa3 Qh4 30. Qa4 Rbc7 31. Qa5 Qxh2 
32. Bb6 Rc8 33. c5 dxc5 34. Bxa6 Qh3 35. Bxc8 Rxc8 36. Qc3 c4 37. b4 Ra8 
38. a3 Nf4 39. Bc7 f6 40. b5 Nd3+ 41. Rxd3 cxd3 42. Rxd3 Qg3 43. Rd6 Qf2+ 
44. Rd2 Qe1 45. b6 Bc8 46. Bd6 Bb7 47. Bc5 Rc8 48. Rc2 Qf1 49. a4 Rd8 50. 
Rf2 Qh1 51. a5 Rd1 52. Qc2 Qe1 53. Rg2 Qf1 54. Bb4 Rb1+ 55. Qxb1 Qxg2+ 
1/2-1/2

[Event "Gustafson Memorial, S81199"]
[Site "CCLA"]
[Date "2018.10.22"]
[Round "?"]
[White "Quanzaah, Emmanuel"]
[Black "O'Keefe, Michael J."]
[Result "1/2-1/2"]
[WhiteElo "2197"]
[BlackElo "2103"]

1. e4 c5 2. Nf3 Nc6 3. d4 cxd4 4. Nxd4 g6 5. c4 Nf6 6. Nc3 d6 7. Be2 Nxd4 
8. Qxd4 Bg7 9. Be3 O-O 10. Qd2 Be6 11. O-O Qa5 12. Rab1 Rfc8 13. b3 a6 14.
 Rfc1 Rab8 15. f3 Kf8 16. Rc2 Qc7 17. Bf1 Qa5 18. Qf2 Ng4 19. b4 Nxf2 20. 
bxa5 Bxc4 21. Nd5 Bxf1 22. Rxc8+ Rxc8 23. Kxf1 Nd3 24. Rxb7 e6 25. Nc7 Bc3
26. Bb6 Nb4 27. Ra7 h5 28. h4 Be5 29. a3 Nc2 30. a4 Nb4 31. Nxa6 Nxa6 32. 
Rxa6 Kg7 33. Ra7 Rc1+ 34. Ke2 Rc2+ 35. Kd3 Rc3+ 36. Kd2 Ra3 37. Kc2 Rc3+ 
38. Kd1 Rd3+ 39. Ke2 Ra3 40. f4 Bf6 41. Ra8 Rxa4 42. a6 Bd4 43. Bxd4+ Rxd4
44. e5 dxe5 45. a7 Ra4 46. fxe5 Ra2+ 47. Kd3 Ra3+ 48. Kc4 Ra5 49. Kd4 Rd5+
50. Ke4 Ra5 51. g3 Ra4+ 52. Kd3 Kh7 53. Kc3 Ra1 54. Kb4 Rb1+ 55. Kc5 Rc1+ 
56. Kd6 Ra1 57. Ke7 Kg7 58. Kd7 Rd1+ 59. Ke8 Ra1 60. Ke7 Ra3 1/2-1/2

[Event "Gustafson Memorial, S81199"]
[Site "CCLA"]
[Date "2018.10.22"]
[Round "?"]
[White "Quanzaah, Emmanuel"]
[Black "Quirk, Michael"]
[Result "1-0"]
[WhiteElo "2197"]
[BlackElo "2053"]

1. e4 e6 2. d4 d5 3. Nc3 Bb4 4. e5 c5 5. a3 Bxc3+ 6. bxc3 Ne7 7. Qg4 Qc7 
8. Qxg7 Rg8 9. Qxh7 cxd4 10. Ne2 Nbc6 11. f4 Bd7 12. Qd3 dxc3 13. Qxc3 Nf5
14. Rb1 O-O-O 15. h3 d4 16. Qc4 Nce7 17. Qxc7+ Kxc7 18. g4 Bc6 19. Rg1 Nh4
20. Kf2 Be4 21. Rb2 Rgf8 22. Rg3 f6 23. exf6 Rxf6 24. f5 Nhg6 25. Bg5 Rf7 
26. Bxe7 Nxe7 27. Nf4 Rd6 28. Bc4 Bd5 29. Rb4 Bxc4 30. Rxc4+ Nc6 31. h4 b5
32. Rc5 Kb6 33. Nd3 exf5 34. g5 Rg7 35. Rxf5 Ne7 36. Rf6 Rxf6+ 37. gxf6 
Rf7 38. Rf3 Ng6 39. Kg3 Nf8 40. Kg4 Rc7 41. Rf2 Ka5 42. Kf5 Rh7 43. Rf4 
Ka4 44. Rxd4+ Kxa3 45. Rd8 Nd7 46. Rxd7 Rxd7 47. h5 b4 48. Ke6 Rd8 49. Ke7
Rxd3 50. cxd3 b3 51. f7 b2 52. f8=Q b1=Q 53. Kf6+ Ka4 54. Qe8+ Ka5 55. 
Qe5+ Ka6 56. Qd6+ Kb7 57. h6 Qf1+ 58. Kg7 Qg1+ 59. Qg6 Qd4+ 60. Kh7 Qc5 
61. d4 Qc4 62. Kh8 1-0

[Event "Gustafson Memorial, S81199"]
[Site "CCLA"]
[Date "2018.10.22"]
[Round "?"]
[White "Jarmuz, Frederick"]
[Black "Carter, Maurice H."]
[Result "1/2-1/2"]
[WhiteElo "2243"]
[BlackElo "2145"]

1. d4 Nf6 2. Nf3 e6 3. e3 b6 4. Bd3 Bb7 5. O-O Be7 6. c4 O-O 7. Nc3 d5 8. 
cxd5 exd5 9. b3 Nbd7 10. Bb2 a6 11. Nd2 Re8 12. Rc1 Bd6 13. Bf5 b5 14. a4 
b4 15. Ne2 a5 16. Re1 g6 17. Bd3 c6 18. Nf3 Ne4 19. Nf4 Qf6 20. g3 Rac8 
21. Bf1 c5 22. Bb5 Rc7 23. Qe2 Qe7 24. dxc5 Rxc5 25. Rxc5 Bxc5 26. Rd1 Qd6
27. Bxd7 Qxd7 28. Ne5 Qc7 29. Nxd5 Bxd5 30. Rxd5 Nc3 31. Bxc3 bxc3 32. Nc4
Bb4 33. Qd1 Qc6 34. Rd4 Kg7 1/2-1/2

[Event "Gustafson Memorial, S81199"]
[Site "CCLA"]
[Date "2018.10.22"]
[Round "?"]
[White "Jarmuz, Frederick"]
[Black "Quanzaah, Emmanuel"]
[Result "1/2-1/2"]
[WhiteElo "2243"]
[BlackElo "2197"]

1. d4 e6 2. Nf3 f5 3. g3 Nf6 4. Bg2 d5 5. O-O Bd6 6. c4 c6 7. Nc3 O-O 8. 
b3 Nbd7 9. e3 Qe7 10. Bb2 b6 11. Ne2 Bb7 12. a4 a5 13. Rc1 Rac8 14. Nf4 
Ne4 15. Qe2 Ba6 16. Rfd1 Bb4 17. h4 Ndf6 18. Ne5 Rfd8 19. Nfd3 Nd7 20. Nf4
Nxe5 21. dxe5 Nc5 22. Qc2 Qf7 23. Bd4 Kh8 24. Bf1 Bb7 25. Bg2 Qe7 26. Rf1 
Kg8 27. Rfd1 Rd7 28. Qb2 Rcd8 29. Bf1 Ra8 30. Be2 Rc7 1/2-1/2

[Event "Gustafson Memorial, S81199"]
[Site "CCLA"]
[Date "2018.10.22"]
[Round "?"]
[White "Jarmuz, Frederick"]
[Black "O'Keefe, Michael J."]
[Result "1-0"]
[WhiteElo "2243"]
[BlackElo "2103"]

1. d4 d5 2. Nf3 Bf5 3. c4 e6 4. Nc3 Nf6 5. Bg5 c6 6. e3 Nbd7 7. Bd3 dxc4 
8. Bxc4 h6 9. Bh4 Be7 10. O-O O-O 11. h3 Rc8 12. Qe2 Bg6 13. Rac1 b5 14. 
Bd3 Bxd3 15. Qxd3 b4 16. Na4 Qa5 17. b3 c5 18. Rc2 cxd4 19. Nxd4 Rfd8 20. 
Rfc1 Ne5 21. Qe2 Rxc2 22. Rxc2 Qd5 23. f3 g5 24. Bf2 Kg7 25. e4 Qb7 26. 
Nc5 Bxc5 27. Rxc5 Nfd7 28. Rb5 Qc7 29. Qc2 Qc3 30. Qxc3 bxc3 31. Rb7 Rc8 
32. Nc2 a6 33. Bd4 Kg6 34. Ra7 Rc6 35. b4 f5 36. exf5+ exf5 37. Kf1 Rd6 
38. a4 Nc6 39. Rxa6 Ndb8 40. Rb6 Nd7 41. Rxc6 Rxc6 42. a5 Ra6 43. Ke2 Kf7 
44. Kd3 Ke6 45. Bxc3 Ne5+ 46. Bxe5 Kxe5 47. Ne3 Rd6+ 48. Kc4 f4 49. Ng4+ 
Ke6 50. b5 Rd1 51. Kc5 h5 52. Nf2 Rd5+ 53. Kb6 Rd6+ 54. Kc7 Rd7+ 55. Kb6 
Rd6+ 56. Kb7 Rd7+ 57. Ka6 Kd5 58. Ne4 Rd8 59. Kb7 Rd7+ 60. Kb6 1-0

[Event "Gustafson Memorial, S81199"]
[Site "CCLA"]
[Date "2018.10.22"]
[Round "?"]
[White "Jarmuz, Frederick"]
[Black "Quirk, Michael"]
[Result "1/2-1/2"]
[WhiteElo "2243"]
[BlackElo "2053"]

1. d4 Nf6 2. Nf3 d5 3. c4 c6 4. Nc3 dxc4 5. e4 b5 6. e5 Nd5 7. a4 e6 8. 
Bd2 Be7 9. Qb1 Ba6 10. Be2 b4 11. Ne4 b3 12. a5 Nb4 13. O-O Nc2 14. Ra4 
Bb5 15. Rxc4 Bxc4 16. Bxc4 Nxd4 17. Nxd4 Qxd4 18. Bxb3 Qxe5 19. Re1 Qb5 
20. Qa2 O-O 21. Bxe6 fxe6 22. Qxe6+ Rf7 23. Qc8+ Bf8 24. Nd6 Qa6 25. Qe8 
Rf6 26. Ne4 c5 27. Nxf6+ Qxf6 28. Qc8 Qxb2 29. Re2 Qc2 30. Qe6+ Kh8 31. 
Be1 Qd3 32. Rd2 Qg6 33. Qc8 Kg8 34. Rd8 Qf7 35. Re8 a6 36. Bc3 Ra7 37. 
Qxb8 Re7 38. Rc8 Qf5 39. h3 Re2 40. f3 Re3 41. Bd2 Rd3 42. Be1 h5 43. Re8 
Qf6 44. Bg3 Qf7 45. Kh2 Rd2 46. Qa8 c4 47. Rc8 Qf5 48. Rxc4 Qxa5 49. Qc8 
Qd8 50. Qe6+ Kh7 51. Qf5+ Kg8 52. Qxh5 Bd6 53. Qg4 Bxg3+ 54. Qxg3 Qf6 55. 
Rf4 Qd6 56. Rf5 Qxg3+ 57. Kxg3 Ra2 58. Rc5 a5 59. f4 Kf7 60. h4 g6 61. Kf3
Kf6 62. g3 a4 63. Kg4 Rb2 64. Rc6+ Kf7 65. Ra6 Rb3 66. h5 gxh5+ 67. Kxh5 
Rxg3 68. Rxa4 1/2-1/2

[Event "Gustafson Memorial, S81199"]
[Site "CCLA"]
[Date "2018.10.22"]
[Round "?"]
[White "O'Keefe, Michael J."]
[Black "Carter, Maurice H."]
[Result "0-1"]
[WhiteElo "2103"]
[BlackElo "2145"]

1. e4 e5 2. d4 exd4 3. Bc4 Bb4+ 4. c3 dxc3 5. bxc3 Qf6 6. cxb4 Qxa1 7. Qb3
Qf6 8. Nf3 Ne7 9. O-O d6 10. e5 Qg6 11. exd6 cxd6 12. Re1 Nc6 13. Bg5 h6 
14. Bxe7 Nxe7 15. Bd3 Qf6 16. Qa4+ Kf8 17. Nbd2 d5 18. Qc2 g6 19. Qc5 b6 
20. Qc7 Be6 21. Nb3 Nf5 22. Ne5 h5 23. h3 Kg7 24. Qc3 Rac8 25. Qd2 Rhe8 
26. Bb5 Red8 27. Nc6 Bd7 28. Nxd8 Bxb5 29. Nxf7 Qxf7 30. Nd4 Nxd4 31. 
Qxd4+ Kh7 32. Re5 Rc1+ 33. Kh2 Rc4 34. Qd2 Qf4+ 35. Qxf4 Rxf4 36. Rxd5 
Rxb4 37. g4 h4 0-1

[Event "Gustafson Memorial, S81199"]
[Site "CCLA"]
[Date "2018.10.22"]
[Round "?"]
[White "O'Keefe, Michael J."]
[Black "Quanzaah, Emmanuel"]
[Result "0-1"]
[WhiteElo "2103"]
[BlackElo "2197"]

1. e4 e6 2. d3 d5 3. Nd2 c5 4. g3 Nf6 5. Ngf3 Nc6 6. Bg2 Be7 7. O-O O-O 8.
 Qe2 b6 9. Re1 h6 10. e5 Nd7 11. c4 Re8 12. b3 Bb7 13. Rb1 Qc7 14. Nf1 d4 
15. h4 a5 16. a4 Ra7 17. Bf4 Bd8 18. N1d2 Qb8 19. Nh2 Bc7 20. Ng4 Kh8 21. 
Nxh6 gxh6 22. Qh5 Ncxe5 23. Bxb7 Rxb7 24. Qxh6+ Kg8 25. Ne4 Ng6 26. Bxc7 
Qxc7 27. Kg2 Qc6 28. Kg1 Rc7 29. h5 Ngf8 30. Qg5+ Kh7 31. Qf4 f6 32. Kh2 
Re7 33. f3 Kh8 34. g4 Rc8 35. Qd6 Qxd6+ 36. Nxd6 Rc6 37. Nf5 Rh7 38. Nh4 
Ne5 39. Rxe5 fxe5 40. Re1 Nd7 41. Ng6+ Kg7 42. Nxe5 Nxe5 43. Rxe5 Rh6 44. 
Kg3 Kf7 45. f4 Rc8 46. Kh4 Rf6 47. Kg3 Re8 48. Re2 Kg8 49. Re5 Kg7 50. 
Rg5+ Kh7 51. Re5 Rg8 52. g5 Rg7 53. Re4 Kg8 54. Kg4 Kf7 55. Re5 Rg8 56. 
Re1 Rf5 57. Re4 Re8 58. Re2 Kg8 59. Re1 Ref8 60. Re4 e5 0-1

[Event "Gustafson Memorial, S81199"]
[Site "CCLA"]
[Date "2018.10.22"]
[Round "?"]
[White "O'Keefe, Michael J."]
[Black "Jarmuz, Frederick"]
[Result "0-1"]
[WhiteElo "2103"]
[BlackElo "2243"]

1. e4 c5 2. d4 cxd4 3. c3 dxc3 4. Nxc3 Nc6 5. Nf3 g6 6. Bc4 Bg7 7. e5 Nh6 
8. O-O O-O 9. Bf4 Nf5 10. g4 d6 11. gxf5 dxe5 12. Bg3 gxf5 13. Rc1 e4 14. 
Nd2 e5 15. Bd5 Nb4 16. Nc4 Nxd5 17. Qxd5 Qg5 18. b3 f4 19. Nxe4 Qh6 20. 
Rc3 Be6 21. Qxb7 Rad8 22. Qa6 Qh5 23. Ncd6 Bh3 24. Rfc1 f5 25. Nc5 fxg3 
26. hxg3 f4 27. Nce4 Kh8 28. Qb7 Rd7 29. Qd5 f3 0-1

[Event "Gustafson Memorial, S81199"]
[Site "CCLA"]
[Date "2018.10.22"]
[Round "?"]
[White "O'Keefe, Michael J."]
[Black "Quirk, Michael"]
[Result "1/2-1/2"]
[WhiteElo "2103"]
[BlackElo "2053"]

1. e4 e6 2. d3 d5 3. Nd2 c5 4. Ngf3 Nc6 5. g3 Bd6 6. Bg2 Nge7 7. O-O O-O 
8. Re1 Qc7 9. c3 Bd7 10. Qe2 f6 11. a3 d4 12. Nc4 e5 13. cxd4 cxd4 14. Bd2
a5 15. Rac1 a4 16. Nxd6 Qxd6 17. Nh4 Qe6 18. Rc2 Qa2 19. Rec1 Be6 20. Be1 
Rfc8 21. f4 Bb3 22. Rd2 Nd8 23. Rxc8 Rxc8 24. fxe5 fxe5 25. Nf5 Rc7 26. 
Qg4 Ng6 27. Rf2 Qb1 28. Rf1 Rc1 29. Bb4 Nf7 30. Qe2 Bc2 31. Rxc1 Qxc1+ 32.
 Bf1 Qxb2 33. Nd6 Nxd6 34. Bxd6 Qc1 35. Qg4 Bb3 36. Qf5 b5 37. Bb4 Qc6 38.
 Bh3 h6 39. Qc8+ Qxc8 40. Bxc8 Kf7 41. Bd7 Nf8 42. Bxb5 Ne6 43. Bd6 Kf6 
44. Kf2 g5 45. Ke2 h5 46. Be8 h4 47. Kf3 Nd8 48. Kf2 Ke6 49. Bb4 Nf7 50. 
Ke2 1/2-1/2

[Event "Gustafson Memorial, S81199"]
[Site "CCLA"]
[Date "2018.10.22"]
[Round "?"]
[White "Quirk, Michael"]
[Black "Carter, Maurice H."]
[Result "0-1"]
[WhiteElo "2053"]
[BlackElo "2145"]

1. d4 Nf6 2. c4 e6 3. g3 d5 4. Bg2 Be7 5. Nf3 O-O 6. O-O dxc4 7. Qc2 a6 8.
 Qxc4 b5 9. Qc2 Bb7 10. Bd2 Be4 11. Qc1 Bb7 12. Bf4 Bd6 13. Nbd2 Bxf4 14. 
gxf4 Qd6 15. Nb3 Bd5 16. e3 Nbd7 17. Rd1 Rac8 18. Nc5 Nxc5 19. dxc5 Qe7 
20. Ne5 Bxg2 21. Kxg2 Nd5 22. e4 Nf6 23. Qe3 Nh5 24. Kh1 Qh4 25. Nd3 Qf6 
26. a4 Rfd8 27. axb5 axb5 28. Qf3 g6 29. Rg1 Kf8 30. c6 Qd4 31. Rad1 Nf6 
32. Rge1 Qc4 33. f5 exf5 34. exf5 Kg7 35. fxg6 hxg6 36. Kg2 Qc2 37. Re3 
Rd4 38. Rc1 Qb3 39. Nf4 Qb4 40. Nd3 Qd6 41. Ne5 Rh8 42. Rce1 Rh5 43. Kf1 
Qc5 44. Rc3 Qd6 45. Rce3 Rxh2 46. Rd3 Rh5 47. Rxd4 Qxd4 48. Qc3 Rh1+ 49. 
Ke2 Qe4+ 50. Qe3 Rxe1+ 51. Kxe1 Qb1+ 52. Ke2 Qxb2+ 53. Kf1 b4 54. Kg2 b3 
55. Nc4 Qc2 56. Qd4 Qe4+ 57. Qxe4 Nxe4 58. Kf3 Nd6 59. Nb2 g5 60. Ke2 f5 
61. Kd1 f4 62. Nd3 Nc4 63. Nc5 b2 64. Kc2 Kf7 65. f3 Kf6 66. Nd3 Nd2 67. 
Nxb2 Nxf3 0-1

[Event "Gustafson Memorial, S81199"]
[Site "CCLA"]
[Date "2018.10.22"]
[Round "?"]
[White "Quirk, Michael"]
[Black "Quanzaah, Emmanuel"]
[Result "0-1"]
[WhiteElo "2053"]
[BlackElo "2197"]

1. d4 e6 2. e4 d5 3. e5 c5 4. c3 Qb6 5. Nf3 Bd7 6. a3 Nc6 7. b4 cxd4 8. 
cxd4 Rc8 9. Bb2 Nh6 10. Nc3 Na5 11. Na4 Qc6 12. Nc5 Nc4 13. Bc1 Nf5 14. 
Rb1 h6 15. Bd3 Bxc5 16. bxc5 b6 17. cxb6 axb6 18. O-O O-O 19. g4 Ne7 20. 
g5 h5 21. Ne1 g6 22. Nc2 Rc7 23. Qf3 Rfc8 24. Qf6 Be8 25. Ne3 Qa4 26. Bxc4
dxc4 27. Rxb6 c3 28. Rd6 Bb5 29. Re1 Rf8 30. h3 Bc6 31. Kh2 Bb7 32. Kg1 c2
33. Kh2 Qa5 34. Rg1 Qb5 35. Re1 Be4 36. Qf4 Bb7 37. Qf6 Qd3 38. f3 Nd5 39.
 Nxd5 Bxd5 40. Rd8 Rc8 41. Rxf8+ Rxf8 42. Qf4 Qd1 43. Qd2 Bxf3 44. Qf2 Bd5
45. Qd2 Bb3 46. Qf2 Rd8 47. Rf1 Rd7 48. Qf3 Ba4 49. Qf4 Bb5 50. Rf2 Bc6 
51. Rf1 Be4 52. Be3 Bf5 53. h4 Rb7 54. Bc1 Rb1 55. Kg1 Rb3 56. a4 Rb4 57. 
Bd2 Rxa4 58. Be3 Ra3 0-1

[Event "Gustafson Memorial, S81199"]
[Site "CCLA"]
[Date "2018.10.22"]
[Round "?"]
[White "Quirk, Michael"]
[Black "Jarmuz, Frederick"]
[Result "0-1"]
[WhiteElo "2053"]
[BlackElo "2243"]

1. e4 c5 2. Nf3 d6 3. d4 cxd4 4. Nxd4 Nf6 5. Nc3 a6 6. Bc4 e6 7. Bb3 Nbd7 
8. Bg5 Qa5 9. Qd2 Be7 10. O-O-O Nc5 11. Rhe1 O-O 12. Kb1 Qc7 13. f4 h6 14.
 Bxf6 Bxf6 15. g4 b5 16. g5 hxg5 17. fxg5 Be5 18. Nf3 Bd7 19. g6 fxg6 20. 
Qg2 a5 21. Nxe5 dxe5 22. Rg1 Be8 23. Qh3 Qe7 24. Rg4 Rd8 25. Nd5 exd5 26. 
Rh4 Rf4 27. Bxd5+ Rxd5 28. Rh8+ Kf7 29. exd5 Ne4 30. Qc8 Nd6 31. Qb8 Rf5 
32. Rh3 e4 33. a3 b4 34. axb4 e3 35. Rxe3 Qxe3 36. Qxd6 Qe2 37. Kc1 axb4 
38. Qxb4 Rf2 39. Qd2 Qf3 40. Qd3 Qf4+ 41. Kb1 Bd7 42. d6 g5 43. h3 Rf3 44.
 Qe2 Kg6 45. b3 Rxh3 46. Kb2 g4 47. Qe7 Qf5 48. Qe2 Qf6+ 49. Ka3 g3 50. 
Qd3+ Qf5 51. Qxf5+ Kxf5 52. Kb4 Ke4 53. Ka5 g2 54. Rg1 Kf3 55. Kb6 Kf2 0-1

[Event "Gustafson Memorial, S81199"]
[Site "CCLA"]
[Date "2018.10.22"]
[Round "?"]
[White "Quirk, Michael"]
[Black "O'Keefe, Michael J."]
[Result "1/2-1/2"]
[WhiteElo "2053"]
[BlackElo "2103"]

1. d4 d5 2. c4 e5 3. dxe5 d4 4. Nf3 Nc6 5. a3 Nge7 6. b4 Ng6 7. Bb2 a5 8. 
b5 Ncxe5 9. Nxe5 Nxe5 10. e3 Be6 11. Bxd4 Nxc4 12. Qc2 Nd6 13. Bd3 Qg5 14.
 f4 Qh4+ 15. g3 Qh3 16. e4 Rd8 17. Nd2 Nc4 18. Bxc4 Rxd4 19. Bf1 Qh6 20. 
Qxc7 Qf6 21. e5 Qd8 22. Qxd8+ Kxd8 23. Bg2 b6 24. Rf1 f5 25. Nf3 Re4+ 26. 
Kd2 Bc5 27. Ng5 Rd4+ 28. Kc2 Ke7 29. Nxe6 Kxe6 30. Rad1 Rhd8 31. Rxd4 Rxd4
32. Bb7 g6 33. Rf3 Ke7 34. Bc6 g5 35. Bb7 gxf4 36. gxf4 Kd7 37. Bc6+ Ke6 
38. h4 a4 39. Bb7 Kd7 40. h5 Kd8 41. h6 Kd7 42. Kc3 Kc7 43. Bc6 Kd8 44. 
Ba8 Ke8 45. Bb7 Kd7 46. Rf1 Kc7 47. Bg2 Kd7 48. Bf3 Ke6 49. Be2 Kd5 50. 
Bd3 Bxa3 51. Bxf5 Bb4+ 52. Kb2 1/2-1/2